Stavebné sporenie v období finančnej krízy

Na minha lista:
Detalhes bibliográficos
Autor principal: Pavelka, Ľuboš, 1962-
Formato: Capítulo de Livro
Idioma:eslovaco
Assuntos:
Tags: Adicionar Tag
Sem tags, seja o primeiro a adicionar uma tag!

MARC

LEADER 00000naa$a2200000$$$4500
001 0104641
005 20240502072140.0
041 0 |a slo 
044 |a SK 
245 1 0 |a Stavebné sporenie v období finančnej krízy  |c Ľuboš Pavelka 
610 2 0 |a sporenie stavebné 
610 2 0 |a sporiteľne stavebné 
610 2 0 |a klienti 
610 2 0 |a prémie 
610 2 0 |a financie 
610 2 0 |a kríza finančná 
100 1 |a Pavelka, Ľuboš, 1962-